[Event "Bayern-chI Bank Hofmann 26th"]
[Site "Tegernsee"]
[Date "2023.11.05"]
[Round "9"]
[White "Lavrencic, Matic"]
[Black "Hanisch, Sebastian"]
[Result "1-0"]
[WhiteElo "2319"]
[BlackElo "2070"]
[PlyCount "51"]
[EventDate "2023.10.28"]
[EventType "swiss"]
[EventRounds "9"]
[EventCountry "GER"]
[SourceTitle "Mega2024 Update 01"]
[Source "Chessbase"]
[SourceDate "2023.11.12"]
[SourceVersion "1"]
[SourceVersionDate "2023.11.12"]
[SourceQuality "1"]

1. e4 c5 2. Nf3 e6 3. b3 Nc6 4. Bb2 Nf6 5. e5 Nd5 6. Nc3 Nxc3 7. dxc3 Be7 8. Bd3 Qc7 9. Qe2 b6 10. 0-0-0 Bb7 11. Kb1 0-0-0 12. c4 f5 13. exf6 Bxf6 14. Be4 h6 15. Rhe1 Bxb2 16. Kxb2 g5 17. h3 Rhf8 18. Rd2 Rf6 19. Red1 Ne7 20. Bxb7+ Kxb7 21. Rd6 Nd5 22. R1xd5 exd5 23. Rxf6 dxc4 24. Qxc4 d5 25. Qe2 Qg7 26. Qe5 1-0

[Event "Bayern-chI Bank Hofmann 26th"]
[Site "Tegernsee"]
[Date "2023.11.04"]
[Round "8"]
[White "Hanisch, Sebastian"]
[Black "Bracker, Arne"]
[Result "0-1"]
[WhiteElo "2070"]
[BlackElo "2279"]
[PlyCount "44"]
[EventDate "2023.10.28"]
[EventType "swiss"]
[EventRounds "9"]
[EventCountry "GER"]
[SourceTitle "Mega2024 Update 01"]
[Source "Chessbase"]
[SourceDate "2023.11.12"]
[SourceVersion "1"]
[SourceVersionDate "2023.11.12"]
[SourceQuality "1"]

1. d4 Nf6 2. Nf3 e6 3. e3 d5 4. Bd3 b6 5. 0-0 Bd6 6. b3 0-0 7. Bb2 Bb7 8. Ne5 c5 9. Nd2 Nc6 10. f4 Rc8 11. c4 cxd4 12. Nxc6 Bxc6 13. Bxd4 dxc4 14. Nxc4 Be7 15. Qe2 Qd5 16. Rad1 Qh5 17. Qb2 Rfd8 18. Ne5 Ng4 19. Nxg4 Qxg4 20. e4 Rxd4 21. Be2 Rxd1 22. Bxd1 Qg6 0-1

[Event "Bayern-chI Bank Hofmann 26th"]
[Site "Tegernsee"]
[Date "2023.10.30"]
[Round "3"]
[White "Hanisch, Sebastian"]
[Black "Troidl, Thomas"]
[Result "1-0"]
[WhiteElo "2070"]
[BlackElo "1842"]
[PlyCount "63"]
[EventDate "2023.10.28"]
[EventType "swiss"]
[EventRounds "9"]
[EventCountry "GER"]
[SourceTitle "Mega2024 Update 01"]
[Source "Chessbase"]
[SourceDate "2023.11.12"]
[SourceVersion "1"]
[SourceVersionDate "2023.11.12"]
[SourceQuality "1"]

1. d4 d5 2. Bf4 e6 3. e3 f5 4. Nf3 Nf6 5. h3 Bd6 6. Ne5 0-0 7. g4 Ne4 8. gxf5 Qh4 9. Qe2 Bxe5 10. dxe5 Rxf5 11. Nd2 Nxd2 12. Qxd2 Nc6 13. 0-0-0 Bd7 14. Bd3 Rf7 15. Rdg1 a5 16. Rg4 Qe7 17. c3 Kh8 18. Rhg1 b5 19. Qc2 b4 20. Bxh7 bxc3 21. bxc3 Qa3+ 22. Kd2 Qe7 23. Ke2 Nd8 24. Bg5 Qf8 25. f4 Bb5+ 26. Kf2 Ba4 27. Qb1 c6 28. Rh4 Rb7 29. Qg6 Rb2+ 30. Kf3 Bb5 31. Re1 Qf7 32. Bxd8 1-0

[Event "Bayern-chI Bank Hofmann 26th"]
[Site "Tegernsee"]
[Date "2023.10.28"]
[Round "1"]
[White "Hanisch, Sebastian"]
[Black "Colpe, Malte"]
[Result "0-1"]
[WhiteElo "2070"]
[BlackElo "2386"]
[PlyCount "76"]
[EventDate "2023.10.28"]
[EventType "swiss"]
[EventRounds "9"]
[EventCountry "GER"]
[SourceTitle "Mega2024 Update 01"]
[Source "Chessbase"]
[SourceDate "2023.11.12"]
[SourceVersion "1"]
[SourceVersionDate "2023.11.12"]
[SourceQuality "1"]

1. d4 Nf6 2. Bf4 d5 3. e3 e6 4. Nf3 Bd6 5. Bg3 0-0 6. Nbd2 b6 7. Ne5 Bb7 8. Bd3 c5 9. c3 Nc6 10. 0-0 Qc7 11. f4 Ne7 12. Qf3 Nf5 13. Bf2 Be7 14. Ng4 Nxg4 15. Qxg4 Qc8 16. Qe2 a5 17. Rac1 Rd8 18. Rfd1 Qc7 19. Qh5 g6 20. Qh3 Ba6 21. Bb1 h5 22. Nf3 Kg7 23. Ne5 Rac8 24. g4 hxg4 25. Qxg4 Rh8 26. e4 dxe4 27. Bxe4 cxd4 28. Bxf5 exf5 29. Qf3 Bb7 30. Qe2 Rxh2 31. Nf3 Rh3 32. Bxd4+ Kg8 33. Qe5 Rg3+ 34. Kh2 Qxe5 35. Nxe5 Rg2+ 36. Kh3 f6 37. Nd7 Kf7 38. Rg1 Rh8# 0-1

[Event "Mittelfrank Regionalliga Sud-West 2223"]
[Site "Mittelfranken"]
[Date "2023.04.23"]
[Round "9.2"]
[White "Waelzel, Helmut"]
[Black "Hanisch, Sebastian"]
[Result "1/2-1/2"]
[WhiteElo "2231"]
[BlackElo "2069"]
[PlyCount "37"]
[EventDate "2022.10.09"]
[EventType "team-tourn"]
[EventRounds "9"]
[EventCountry "GER"]
[SourceTitle "EXT 2024"]
[Source "ChessBase"]
[SourceDate "2023.10.10"]
[SourceVersion "1"]
[SourceVersionDate "2023.10.10"]
[SourceQuality "1"]
[WhiteTeam "Haar"]
[BlackTeam "Kempten"]
[WhiteTeamCountry "GER"]
[BlackTeamCountry "GER"]

1. c4 b6 2. Nc3 Bb7 3. e4 e6 4. Nge2 c5 5. g3 d6 6. Bg2 Nc6 7. d4 Nge7 8. d5 exd5 9. exd5 Ne5 10. f4 Ng4 11. 0-0 h5 12. Ne4 Nf5 13. Qd3 g6 14. h3 Ngh6 15. Bd2 Bg7 16. Bc3 Kf8 17. Rae1 Bc8 18. Ng5 a5 19. Bf3 1/2-1/2

[Event "Mittelfrank Regionalliga Sud-West 2223"]
[Site "Mittelfranken"]
[Date "2023.02.05"]
[Round "6.2"]
[White "Hanisch, Sebastian"]
[Black "Haas, Peter"]
[Result "1/2-1/2"]
[WhiteElo "2069"]
[BlackElo "2095"]
[PlyCount "102"]
[EventDate "2022.10.09"]
[EventType "team-tourn"]
[EventRounds "9"]
[EventCountry "GER"]
[SourceTitle "EXT 2024"]
[Source "ChessBase"]
[SourceDate "2023.10.10"]
[SourceVersion "1"]
[SourceVersionDate "2023.10.10"]
[SourceQuality "1"]
[WhiteTeam "Kempten"]
[BlackTeam "Sendling"]
[WhiteTeamCountry "GER"]
[BlackTeamCountry "GER"]

1. d4 Nf6 2. Bf4 e6 3. e3 d5 4. Nd2 Bd6 5. Bg3 c5 6. Ngf3 Nc6 7. c3 0-0 8. Bd3 b6 9. e4 dxe4 10. Nxe4 Nxe4 11. Bxe4 Bb7 12. Qa4 Rc8 13. dxc5 Bxg3 14. hxg3 f5 15. Bc2 Na5 16. Rd1 Qf6 17. cxb6 Nc4 18. Rd4 Bc6 19. Qxc4 Bxf3 20. Qf1 Qxd4 21. cxd4 Rxc2 22. gxf3 Rc1+ 23. Ke2 Rxf1 24. Rxf1 Rb8 25. Rc1 Rxb6 26. b3 Ra6 27. a4 Kf7 28. Rc7+ Kf6 29. Kd3 h5 30. f4 g5 31. fxg5+ Kxg5 32. f3 f4 33. Rc5+ Kg6 34. g4 hxg4 35. fxg4 Rb6 36. Ke4 Rxb3 37. Kxf4 Rb4 38. Ra5 Rxd4+ 39. Ke5 Rxg4 40. Kxe6 Re4+ 41. Kd6 Kf6 42. Rxa7 Re6+ 43. Kd5 Re5+ 44. Kd4 Rh5 45. a5 Ke6 46. a6 Kd6 47. Rg7 Kc6 48. a7 Ra5 49. Kc4 Kb6 50. Kb4 Rxa7 51. Rxa7 Kxa7 1/2-1/2

[Event "Mittelfrank Regionalliga Sud-West 2223"]
[Site "Mittelfranken"]
[Date "2022.10.23"]
[Round "2.2"]
[White "Kraemer, Stefan"]
[Black "Hanisch, Sebastian"]
[Result "1-0"]
[WhiteElo "2080"]
[BlackElo "2069"]
[PlyCount "83"]
[EventDate "2022.10.09"]
[EventType "team-tourn"]
[EventRounds "9"]
[EventCountry "GER"]
[SourceTitle "EXT 2024"]
[Source "ChessBase"]
[SourceDate "2023.10.10"]
[SourceVersion "1"]
[SourceVersionDate "2023.10.10"]
[SourceQuality "1"]
[WhiteTeam "Altstadt Roter Turm"]
[BlackTeam "Kempten"]
[WhiteTeamCountry "GER"]
[BlackTeamCountry "GER"]

1. e4 c6 2. d4 d5 3. e5 Bf5 4. h4 Qc7 5. h5 h6 6. g4 Bd7 7. Nc3 e6 8. f4 c5 9. Nf3 cxd4 10. Nxd4 a6 11. Be3 Bb4 12. Qd2 Ne7 13. Bg2 Nbc6 14. a3 Ba5 15. b4 Nxb4 16. axb4 Bxb4 17. Nde2 Bb5 18. Rb1 Qa5 19. Rxb4 Qxb4 20. Nxb5 Qxb5 21. 0-0 Rc8 22. Nd4 Qd7 23. Rb1 0-0 24. Bf1 Rfd8 25. Bd3 Nc6 26. Qg2 Qe7 27. Nxc6 Rxc6 28. Bd4 b5 29. Rf1 b4 30. Rf3 a5 31. g5 hxg5 32. Rg3 f6 33. exf6 gxf6 34. fxg5 f5 35. Bf6 Qc5+ 36. Kh2 Rd7 37. g6 f4 38. h6 fxg3+ 39. Qxg3 Rg7 40. h7+ Kh8 41. Bxg7+ Kxg7 42. Qe5+ 1-0

[Event "Mittelfrank Regionalliga Sud-West 2122"]
[Site "Mittelfranken"]
[Date "2021.10.24"]
[Round "1.2"]
[White "Brem, Stephan"]
[Black "Hanisch, Sebastian"]
[Result "1/2-1/2"]
[WhiteElo "2032"]
[BlackElo "2011"]
[PlyCount "110"]
[EventDate "2021.10.24"]
[EventType "team-tourn"]
[EventRounds "9"]
[EventCountry "GER"]
[SourceTitle "EXT 2024"]
[Source "ChessBase"]
[SourceDate "2023.10.10"]
[SourceVersion "1"]
[SourceVersionDate "2023.10.10"]
[SourceQuality "1"]
[WhiteTeam "Muenchen Suedost II"]
[BlackTeam "Kempten"]
[WhiteTeamCountry "GER"]
[BlackTeamCountry "GER"]

1. f4 d5 2. Nf3 Nf6 3. e3 g6 4. Be2 Bg7 5. 0-0 0-0 6. d3 b6 7. Nc3 Bb7 8. Ne5 c5 9. Bf3 Nc6 10. Qe1 e6 11. Bd2 Rc8 12. Rd1 Nb4 13. Rc1 Nd7 14. Ng4 Ba6 15. Nf2 d4 16. Ncd1 dxe3 17. Qxe3 Nd5 18. Qe2 c4 19. Re1 cxd3 20. Nxd3 Nc5 21. c4 Nxd3 22. Qxd3 Ne7 23. Qxd8 Rfxd8 24. Bb4 Nc6 25. Bxc6 Rxc6 26. b3 b5 27. Ne3 bxc4 28. Nxc4 Rd4 29. g3 Bxc4 30. bxc4 Rdxc4 31. Rxc4 Rxc4 32. a3 Bc3 33. Rb1 Bxb4 34. axb4 Kf8 35. b5 Rc7 36. Kf2 Rb7 37. Ke3 a6 38. b6 Ke7 39. g4 Kd6 40. Kd4 Kc6 41. Ke5 Rxb6 42. Rc1+ Kb5 43. Rb1+ Kc6 44. Rc1+ Kb7 45. Rd1 Rc6 46. Rb1+ Kc7 47. Kf6 a5 48. Kxf7 Kd6 49. Ra1 Ra6 50. Ra4 Kc5 51. h4 Kb5 52. Ra1 a4 53. Kg7 Ra7+ 54. Kf6 Ra6 55. Kg7 Ra7+ 1/2-1/2

[Event "Bayern-ch 89th"]
[Site "Bad Kissingen"]
[Date "2018.08.28"]
[Round "4"]
[White "Beesk, Kevin"]
[Black "Hanisch, Sebastian"]
[Result "1/2-1/2"]
[WhiteElo "1950"]
[BlackElo "2105"]
[PlyCount "100"]
[EventDate "2018.08.26"]
[EventType "swiss"]
[EventRounds "9"]
[EventCountry "GER"]
[SourceTitle "CBM 189 Extra"]
[Source "ChessBase"]
[SourceDate "2019.06.03"]
[SourceVersion "1"]
[SourceVersionDate "2019.06.03"]
[SourceQuality "1"]

1. e4 d6 2. Nc3 Nf6 3. f4 e5 4. Nf3 Nbd7 5. Bc4 Be7 6. 0-0 0-0 7. d3 c6 8. a4 Qc7 9. a5 Rb8 10. Kh1 b5 11. axb6 axb6 12. Qe1 b5 13. Ba2 b4 14. Nd1 Nc5 15. Bb1 b3 16. c3 Ba6 17. Nf2 Rbd8 18. Rg1 Bb7 19. d4 Ncd7 20. Qd1 c5 21. Qxb3 cxd4 22. cxd4 exd4 23. Nxd4 Nc5 24. Qf3 Rfe8 25. b4 Na6 26. b5 Nc5 27. Bb2 d5 28. e5 Nfe4 29. Rc1 Qb6 30. Bc2 Ne6 31. Nxe6 Nxf2+ 32. Kg1 fxe6 33. Qxf2 Qxb5 34. Ba4 Qd3 35. Bxe8 Rxe8 36. Qd4 Qe2 37. Ba3 Bd8 38. Bd6 Ba6 39. Re1 Qb5 40. Reb1 Qc4 41. Qxc4 Bxc4 42. Rb8 Kf7 43. Ra7+ Kg6 44. Bc5 Be7 45. Rxe7 Rxb8 46. Rxe6+ Kf5 47. Re7 Kxf4 48. Rf7+ Kxe5 49. Rxg7 Rb1+ 50. Kf2 Bd3 1/2-1/2

[Event "Bayern-ch 89th"]
[Site "Bad Kissingen"]
[Date "2018.08.27"]
[Round "2"]
[White "Walter, Florian"]
[Black "Hanisch, Sebastian"]
[Result "1/2-1/2"]
[WhiteElo "2246"]
[BlackElo "2105"]
[PlyCount "91"]
[EventDate "2018.08.26"]
[EventType "swiss"]
[EventRounds "9"]
[EventCountry "GER"]
[SourceTitle "CBM 189 Extra"]
[Source "ChessBase"]
[SourceDate "2019.06.03"]
[SourceVersion "1"]
[SourceVersionDate "2019.06.03"]
[SourceQuality "1"]

1. c4 e5 2. Nc3 d6 3. g3 f5 4. Bg2 Nf6 5. d3 Be7 6. Nf3 0-0 7. Rb1 c6 8. 0-0 Qe8 9. b4 a6 10. a4 Qh5 11. e3 Be6 12. b5 axb5 13. axb5 Nbd7 14. Nd2 Qxd1 15. Rxd1 d5 16. bxc6 bxc6 17. cxd5 cxd5 18. Rb7 Rfd8 19. Nf3 Kf8 20. d4 e4 21. Ne5 Rac8 22. Nb5 Nxe5 23. dxe5 Ne8 24. Nd4 Bd7 25. Bd2 Rc7 26. Rxc7 Nxc7 27. Ba5 Rc8 28. Bf1 g6 29. Rb1 Ne6 30. Rb7 Nc5 31. Ra7 Rb8 32. e6 Be8 33. Rc7 Nb3 34. Nxb3 Rxb3 35. Rc8 Bd6 36. Bc7 Bxc7 37. Rxc7 h5 38. Ba6 Bb5 39. Bxb5 Rxb5 40. Rf7+ Kg8 41. Kg2 Rb6 42. Kh3 Rxe6 43. Rd7 g5 44. Rxd5 Rf6 45. Kg2 g4 46. h4 1/2-1/2

[Event "Mecklenburg VP LL 1617"]
[Site "Mecklenburg VP"]
[Date "2017.02.26"]
[Round "6.2"]
[White "Schmekel, Florian"]
[Black "Hanisch, Sebastian"]
[Result "0-1"]
[WhiteElo "1959"]
[BlackElo "2029"]
[PlyCount "144"]
[EventDate "2016.10.16"]
[EventType "team-tourn"]
[EventRounds "9"]
[EventCountry "GER"]
[SourceTitle "EXT 2022"]
[Source "ChessBase"]
[SourceDate "2021.10.06"]
[SourceVersion "1"]
[SourceVersionDate "2021.10.06"]
[SourceQuality "1"]
[WhiteTeam "Torgelow Droegeheide"]
[BlackTeam "Schwerin SF II"]
[WhiteTeamCountry "GER"]
[BlackTeamCountry "GER"]

1. d4 d5 2. c4 e6 3. Nc3 c6 4. cxd5 exd5 5. Nf3 Bd6 6. Bg5 Qb6 7. Qc2 f6 8. Bh4 Ne7 9. Bg3 Bf5 10. Qd2 Bxg3 11. hxg3 Na6 12. e3 0-0-0 13. Na4 Qb4 14. Qxb4 Nxb4 15. Kd2 Kc7 16. a3 Na6 17. Bxa6 bxa6 18. Nc5 Kb6 19. Ne1 Nc8 20. Ned3 Nd6 21. Na4+ Kc7 22. Ndc5 a5 23. b3 h6 24. Nc3 Rhe8 25. Rhc1 Kb6 26. b4 Nc4+ 27. Ke2 Re7 28. Ra2 Bg6 29. N3a4+ Kc7 30. bxa5 Nxa5 31. Rb2 Rc8 32. Na6+ Kd6 33. N4c5 Nc4 34. Rb3 Na5 35. Rb4 Nc4 36. Rc3 Bf5 37. Rcb3 Bc2 38. Rb8 Nb6 39. R3xb6 axb6 40. Rxc8 bxc5 41. Rd8+ Rd7 42. Rxd7+ Kxd7 43. Nxc5+ Kd6 44. a4 Bf5 45. a5 Kc7 46. Kd2 g5 47. Kc3 h5 48. Kb4 Bg4 49. Na4 Be2 50. Kc5 h4 51. Nc3 Bf1 52. gxh4 gxh4 53. e4 Bxg2 54. e5 fxe5 55. dxe5 Bf1 56. f4 h3 57. Nd1 h2 58. Nf2 Bh3 59. Kd4 Bf5 60. Ke3 c5 61. Kf3 h1Q+ 62. Nxh1 Be4+ 63. Ke3 Bxh1 64. f5 Kd7 65. a6 d4+ 66. Kd3 Ke7 67. a7 Bd5 68. Kd2 c4 69. f6+ Ke6 70. Kc2 Be4+ 71. Kb2 c3+ 72. Kb3 Kf7 0-1

[Event "Mecklenburg VP LL 1617"]
[Site "Mecklenburg VP"]
[Date "2016.11.06"]
[Round "2.3"]
[White "Hanisch, Sebastian"]
[Black "Kliewe, Hans Juergen"]
[Result "1/2-1/2"]
[WhiteElo "2029"]
[BlackElo "1963"]
[PlyCount "58"]
[EventDate "2016.10.16"]
[EventType "team-tourn"]
[EventRounds "9"]
[EventCountry "GER"]
[SourceTitle "EXT 2022"]
[Source "ChessBase"]
[SourceDate "2021.10.06"]
[SourceVersion "1"]
[SourceVersionDate "2021.10.06"]
[SourceQuality "1"]
[WhiteTeam "Schwerin SF II"]
[BlackTeam "Wismar ASV Gruen-Weiss"]
[WhiteTeamCountry "GER"]
[BlackTeamCountry "GER"]

1. d4 d5 2. c4 c6 3. cxd5 cxd5 4. Nc3 Nc6 5. e4 e6 6. e5 Qb6 7. Nf3 Nge7 8. Bd3 Bd7 9. Na4 Qc7 10. a3 Nf5 11. Bxf5 exf5 12. Nc3 Be6 13. 0-0 Be7 14. Bd2 a6 15. Rc1 0-0 16. Re1 Rac8 17. Na4 Qd8 18. b4 Nb8 19. Qb3 b5 20. Nc5 Bxc5 21. bxc5 Nc6 22. Rc2 h6 23. h4 Rb8 24. Rb1 Qd7 25. Rcb2 Rb7 26. Qd3 f4 27. Qc3 Bf5 28. Re1 Be4 29. Bxf4 Qg4 1/2-1/2

[Event "Rostock SSC 07 op 15th"]
[Site "Rostock"]
[Date "2016.07.31"]
[Round "7"]
[White "Hanisch, Sebastian"]
[Black "Kliewe, Hans Juergen"]
[Result "1-0"]
[WhiteElo "2116"]
[BlackElo "2006"]
[PlyCount "58"]
[EventDate "2016.07.27"]
[EventType "swiss"]
[EventRounds "7"]
[EventCountry "GER"]
[SourceTitle "EXT 2017"]
[Source "ChessBase"]
[SourceDate "2016.10.25"]
[SourceVersion "1"]
[SourceVersionDate "2016.10.25"]
[SourceQuality "1"]

1. d4 d5 2. c4 c6 3. cxd5 cxd5 4. Nc3 Nc6 5. e4 e6 6. e5 Nge7 7. Nf3 Nf5 8. Be3 Bb4 9. Bd3 Bd7 10. 0-0 Nce7 11. Qb3 Bxc3 12. bxc3 Bc6 13. Bg5 h6 14. Bc1 Nc8 15. Qc2 Bd7 16. Ba3 Nb6 17. Bxf5 exf5 18. Nd2 Qc7 19. Bd6 Qc6 20. Qd3 Be6 21. f4 Rc8 22. Rac1 Kd7 23. Nb3 Nc4 24. Nc5+ Ke8 25. Qg3 Rg8 26. Rfd1 g5 27. Qh3 Nxd6 28. exd6 Qxd6 29. Qxh6 Rg6 1-0

[Event "Rostock SSC 07 op 15th"]
[Site "Rostock"]
[Date "2016.07.30"]
[Round "6"]
[White "Wiander, Michael"]
[Black "Hanisch, Sebastian"]
[Result "1-0"]
[WhiteElo "2222"]
[BlackElo "2116"]
[PlyCount "55"]
[EventDate "2016.07.27"]
[EventType "swiss"]
[EventRounds "7"]
[EventCountry "GER"]
[SourceTitle "EXT 2017"]
[Source "ChessBase"]
[SourceDate "2016.10.25"]
[SourceVersion "1"]
[SourceVersionDate "2016.10.25"]
[SourceQuality "1"]

1. e4 c5 2. Nf3 e6 3. b4 b6 4. bxc5 bxc5 5. Nc3 a6 6. Bc4 Bb7 7. 0-0 Qc7 8. Re1 d6 9. d3 g6 10. Bb2 e5 11. Ng5 Nh6 12. f4 Bg7 13. Rf1 Nd7 14. Nd5 Bxd5 15. Bxd5 Rb8 16. Bc3 0-0 17. f5 Nf6 18. fxg6 hxg6 19. Bc4 d5 20. exd5 Nf5 21. Qf3 Qd6 22. Qh3 Rb7 23. Rf2 Rd8 24. Raf1 Rdd7 25. g4 Nd4 26. Bxd4 exd4 27. Rxf6 Qe5 28. Qh7+ 1-0

[Event "Rostock SSC 07 op 15th"]
[Site "Rostock"]
[Date "2016.07.29"]
[Round "4"]
[White "Onasch, Gunnar"]
[Black "Hanisch, Sebastian"]
[Result "0-1"]
[WhiteElo "1817"]
[BlackElo "2116"]
[PlyCount "82"]
[EventDate "2016.07.27"]
[EventType "swiss"]
[EventRounds "7"]
[EventCountry "GER"]
[SourceTitle "EXT 2017"]
[Source "ChessBase"]
[SourceDate "2016.10.25"]
[SourceVersion "1"]
[SourceVersionDate "2016.10.25"]
[SourceQuality "1"]

1. d4 Nf6 2. c4 e6 3. Nf3 b6 4. a3 Bb7 5. Nc3 Be7 6. Bf4 0-0 7. e3 d5 8. Rc1 c5 9. cxd5 Nxd5 10. Bg3 Nd7 11. Nxd5 Bxd5 12. Bc4 Bxc4 13. Rxc4 b5 14. Rc2 c4 15. 0-0 Nb6 16. Ne5 Rc8 17. Qe2 f6 18. Nf3 Bd6 19. e4 Bxg3 20. hxg3 Qe7 21. Rd1 Rfd8 22. Qe1 Rd6 23. e5 Rd5 24. exf6 gxf6 25. Re2 Rc6 26. Re4 Na4 27. Rd2 Qd7 28. Rde2 Kf7 29. R4e3 Nb6 30. g4 h6 31. Qb1 Kg7 32. Qe1 Rdd6 33. Kh2 Nd5 34. Re4 c3 35. Ne5 fxe5 36. dxe5 Nf4 37. exd6 Nxe2 38. Rxe2 Qxd6+ 39. Kg1 c2 40. Qc1 Qd1+ 41. Re1 Qxe1+ 0-1

[Event "Oberliga Nord N 1516"]
[Site "Germany"]
[Date "2016.04.10"]
[Round "9.8"]
[White "Hanisch, Sebastian"]
[Black "Schmidt Brauns, Rainer"]
[Result "1-0"]
[WhiteElo "2075"]
[BlackElo "2007"]
[PlyCount "59"]
[EventDate "2015.09.20"]
[EventType "team-tourn"]
[EventRounds "9"]
[EventCountry "GER"]
[SourceTitle "EXT 2017"]
[Source "ChessBase"]
[SourceDate "2016.10.25"]
[SourceVersion "1"]
[SourceVersionDate "2016.10.25"]
[SourceQuality "1"]
[WhiteTeam "Schwerin"]
[BlackTeam "Marmstorf"]
[WhiteTeamCountry "GER"]
[BlackTeamCountry "GER"]

1. d4 d5 2. c4 c6 3. Nc3 Nf6 4. cxd5 cxd5 5. Nf3 Nc6 6. Bg5 e6 7. a3 Be7 8. e3 h6 9. Bh4 0-0 10. Bd3 Bd7 11. 0-0 a6 12. Re1 b5 13. Ne5 Re8 14. Bb1 b4 15. Qd3 g5 16. Ng4 Ne4 17. Nxh6+ Kg7 18. Nxf7 Kxf7 19. Nxe4 dxe4 20. Qxe4 Rg8 21. Bg3 bxa3 22. f4 Rg7 23. fxg5 Kg8 24. d5 exd5 25. Qxd5+ Kh8 26. g6 Bg5 27. Bf4 Bf6 28. Qh5+ Kg8 29. Ba2+ Kf8 30. Bd6+ 1-0

[Event "Mecklenburg VP VL 1516"]
[Site "Mecklenburg VP"]
[Date "2015.12.13"]
[Round "4.1"]
[White "Zentgraf, Robert"]
[Black "Hanisch, Sebastian"]
[Result "1-0"]
[WhiteElo "2142"]
[BlackElo "1988"]
[PlyCount "83"]
[EventDate "2015.09.20"]
[EventType "team-tourn"]
[EventRounds "9"]
[EventCountry "GER"]
[SourceTitle "EXT 2022"]
[Source "ChessBase"]
[SourceDate "2021.10.06"]
[SourceVersion "1"]
[SourceVersionDate "2021.10.06"]
[SourceQuality "1"]
[WhiteTeam "Torgelow Droegeheide"]
[BlackTeam "Schwerin SF IV"]
[WhiteTeamCountry "GER"]
[BlackTeamCountry "GER"]

1. Nf3 d5 2. c4 e6 3. g3 Nf6 4. Bg2 Be7 5. 0-0 0-0 6. d4 b6 7. Nc3 Bb7 8. Qa4 a6 9. Rd1 Qd7 10. Qb3 Rd8 11. Ne5 Qe8 12. Bf4 h6 13. Rac1 g5 14. Be3 dxc4 15. Qxc4 Bxg2 16. Kxg2 Bd6 17. h3 b5 18. Qb3 c5 19. Ng4 Nxg4 20. hxg4 c4 21. Qc2 Nc6 22. Ne4 Be7 23. Rh1 Nb4 24. Qb1 Kg7 25. Nc3 Qc6+ 26. f3 Bf6 27. Rcd1 Rd7 28. Ne4 Be7 29. Nc3 Bf6 30. a3 Nd5 31. Bf2 Nxc3 32. bxc3 e5 33. e4 exd4 34. cxd4 Be7 35. d5 Qg6 36. Bd4+ f6 37. Qb2 Rb7 38. Rhe1 a5 39. e5 fxe5 40. Rxe5 Kh7 41. Re6 Qf7 42. Rxh6+ 1-0

[Event "Mecklenburg VP VL 1415"]
[Site "Mecklenburg VP"]
[Date "2015.04.12"]
[Round "8.3"]
[White "Engel, Gunnar"]
[Black "Hanisch, Sebastian"]
[Result "0-1"]
[WhiteElo "2016"]
[BlackElo "2017"]
[PlyCount "70"]
[EventDate "2014.09.21"]
[EventType "team-tourn"]
[EventRounds "9"]
[EventCountry "GER"]
[SourceTitle "EXT 2022"]
[Source "ChessBase"]
[SourceDate "2021.10.06"]
[SourceVersion "1"]
[SourceVersionDate "2021.10.06"]
[SourceQuality "1"]
[WhiteTeam "Rostock SSC 07 II"]
[BlackTeam "Schwerin SF III"]
[WhiteTeamCountry "GER"]
[BlackTeamCountry "GER"]

1. c4 e6 2. g3 Nf6 3. Bg2 d5 4. Nf3 Be7 5. 0-0 0-0 6. d3 Nbd7 7. Nc3 b6 8. cxd5 Nxd5 9. Bd2 Bb7 10. Rc1 Bf6 11. a3 c5 12. Qa4 a6 13. b4 b5 14. Qb3 Rc8 15. Ne4 Be7 16. bxc5 Nxc5 17. Nxc5 Bxc5 18. d4 Bd6 19. Rxc8 Qxc8 20. Rc1 Qd7 21. Ng5 Rc8 22. Rxc8+ Qxc8 23. Qf3 Qc7 24. Qd3 Nf6 25. e4 e5 26. dxe5 Bxe5 27. f4 Qd6 28. Qb3 Bd4+ 29. Kh1 Qd7 30. h4 h6 31. Qd3 hxg5 32. hxg5 Ng4 33. Be1 Bc6 34. Bf3 Nf2+ 35. Bxf2 Bxf2 0-1

[Event "Mecklenburg VP VL 1415"]
[Site "Mecklenburg VP"]
[Date "2015.01.18"]
[Round "5.2"]
[White "Voelsgen, Georg"]
[Black "Hanisch, Sebastian"]
[Result "0-1"]
[WhiteElo "1978"]
[BlackElo "2017"]
[PlyCount "74"]
[EventDate "2014.09.21"]
[EventType "team-tourn"]
[EventRounds "9"]
[EventCountry "GER"]
[SourceTitle "EXT 2022"]
[Source "ChessBase"]
[SourceDate "2021.10.06"]
[SourceVersion "1"]
[SourceVersionDate "2021.10.06"]
[SourceQuality "1"]
[WhiteTeam "Gryps SV"]
[BlackTeam "Schwerin SF III"]
[WhiteTeamCountry "GER"]
[BlackTeamCountry "GER"]

1. e4 e5 2. Nf3 Nc6 3. Bc4 Bc5 4. c3 Nf6 5. d3 d6 6. Bg5 0-0 7. Nbd2 Be6 8. Qe2 a6 9. Nf1 b5 10. Bd5 Bxd5 11. exd5 Ne7 12. Bxf6 gxf6 13. c4 f5 14. Ng3 Bb4+ 15. Kf1 f4 16. Nh5 Ng6 17. g3 fxg3 18. hxg3 f5 19. Qe3 f4 20. Qe4 fxg3 21. fxg3 Bc5 22. Kg2 bxc4 23. dxc4 Qd7 24. Raf1 Qf5 25. Nd2 Qg5 26. Qe2 Nf4+ 27. Nxf4 exf4 28. Qe6+ Kh8 29. Ne4 Qg7 30. Rxh7+ Qxh7 31. Ng5 Qc2+ 32. Kh1 Qf5 33. Qh6+ Kg8 34. g4 Qd3 35. Qe6+ Kg7 36. Qe7+ Kh6 37. Kg2 Qg3+ 0-1

[Event "Berlin Spring op-A"]
[Site "Berlin"]
[Date "2014.05.01"]
[Round "2"]
[White "Hanisch, Sebastian"]
[Black "Lundin, Jan"]
[Result "1/2-1/2"]
[WhiteElo "2131"]
[BlackElo "2331"]
[PlyCount "58"]
[EventDate "2014.05.01"]
[EventType "swiss"]
[EventRounds "7"]
[EventCountry "GER"]
[SourceTitle "CBM 160 Extra"]
[Source "ChessBase"]
[SourceDate "2014.07.01"]
[SourceVersion "1"]
[SourceVersionDate "2014.07.01"]
[SourceQuality "1"]

1. Nf3 d5 2. b3 Nf6 3. Bb2 g6 4. e3 Bg7 5. d4 0-0 6. Bd3 Bg4 7. Nbd2 Nbd7 8. h3 Bxf3 9. Nxf3 c5 10. 0-0 Rc8 11. c4 a6 12. Qe2 Re8 13. Rac1 dxc4 14. bxc4 Qc7 15. Rfd1 cxd4 16. exd4 Nh5 17. Qd2 e5 18. Bf1 exd4 19. Bxd4 Ne5 20. Nxe5 Bxe5 21. Bxe5 Rxe5 22. Rb1 Re7 23. g3 Rce8 24. Qd6 Qa5 25. a3 Ng7 26. Qb4 Qg5 27. Rd5 Qf6 28. Rbd1 Ne6 29. h4 Rc7 1/2-1/2